000 00397 a2200157 4500
020 _a8173280363
082 _a001.42
090 _c2262
_d2262
100 _aKothari,C R
245 _aResearch Methodology
_bMethods & Techniques
_cC R Kothari
250 _a2nd edition
260 _aNew Delhi
_bWishwa Prakashan
_c1990
300 _a468p
500 _aPaper cover
942 _aNBS
_cBK
_k001.42 KOT
999 _c344764
_d344764